00415nam a2200181Ia 4500008004100000020001800041050001400059100001400073245003300087245001400120260001500134260001600149260000900165300001400174300002700188300001000215500000800225170918s9999 xx 000 0 und d a9780545694742 bS539 2013 aShea, Bob aUnicorn thinks he's pretty / cBob Shea. aNew York : bScholastic, c2013 aunpaged : bcolored illustration ; c25cm. a400